000 00305nam a2200121 a 4500
005 20140412111327.0
008 110128s19uu xx 00 eng d
050 _aM 591
_bWo927 1991
245 _aThe world of animals.
260 _aU.S.A :
_bFunk and wagnalls,
_c1991.
300 _a45p.
999 _c104733
_d104733